Normal view
MARC view
Entry Personal Name
001 - CONTROL NUMBER
- control field: 499953
003 - CONTROL NUMBER IDENTIFIER
- control field: OSt
005 - DATE AND TIME OF LATEST TRANSACTION
- control field: 20220928141424.0
008 - FIXED-LENGTH DATA ELEMENTS
- fixed length control field: 220928|| aca||aabn | a|a d
040 ## - CATALOGING SOURCE
- Original cataloging agency: OSt
- Transcribing agency: OSt
100 ## - HEADING--PERSONAL NAME
- Personal name: Shuttleton David E Ed
670 ## - SOURCE DATA FOUND
- Source citation: Work cat.: (OSt)817196: Prescott Sarah Ed. 499952, Women and poetry,1660-1750., 2003
